00254nam a2200097Ia 4500008004000000082001300040100002300053245003000076260004300106300000700149210210b1969 xxu||||| |||| 00| 0 eng d a909 MARS aMARSHALL CAVENDISH aEurope: patterns of power aLondonbMarshall Cavendish Booksc1969 a64